000 00311nam a22001217a 4500
008 211127b ||||| |||| 00| 0 eng d
020 _a9789386602107
050 _a338.7622
_b1
245 _aThe Sleeping Tigers,A Revival Story
260 _aNew Delhi
_bSAGE Publications
_c2017
300 _a1
942 _2ddc
_cBK
999 _c11922
_d11922